<?xml version="1.0" encoding="UTF-8"?>
<collection xmlns:xsi="http://www.w3.org/2001/XMLSchema-instance" xsi:schemaLocation="http://www.loc.gov/MARC21/slim http://www.loc.gov/standards/marcxml/schema/MARC21slim.xsd" xmlns="http://www.loc.gov/MARC21/slim">
 <record>
  <leader>00000cam a22000004a 4500</leader>
  <controlfield tag="001">UP-99796217610231238</controlfield>
  <controlfield tag="003">Buklod</controlfield>
  <controlfield tag="005">20250304094541.0</controlfield>
  <controlfield tag="006">aa    r     ||| u </controlfield>
  <controlfield tag="007">ta</controlfield>
  <controlfield tag="008">240425s2006    xx     d     |||| ||    |</controlfield>
  <datafield tag="020" ind1=" " ind2=" ">
   <subfield code="a">9781848448902 (pbk.)</subfield>
  </datafield>
  <datafield tag="035" ind1=" " ind2=" ">
   <subfield code="a">(iLib)UPD-00183808343</subfield>
  </datafield>
  <datafield tag="040" ind1=" " ind2=" ">
   <subfield code="a">DECON</subfield>
   <subfield code="e">rda</subfield>
  </datafield>
  <datafield tag="041" ind1="0" ind2=" ">
   <subfield code="a">eng</subfield>
  </datafield>
  <datafield tag="042" ind1=" " ind2=" ">
   <subfield code="a">DMLUC</subfield>
  </datafield>
  <datafield tag="090" ind1=" " ind2=" ">
   <subfield code="a">HB 846.55</subfield>
   <subfield code="b">H36 2006</subfield>
  </datafield>
  <datafield tag="245" ind1="0" ind2="0">
   <subfield code="a">Handbook on contingent valuation</subfield>
   <subfield code="c">edited by Anna Alberini and James R. Kahn.</subfield>
  </datafield>
  <datafield tag="264" ind1=" " ind2="1">
   <subfield code="a">Cheltenham, [England]</subfield>
   <subfield code="b">E. Elgar Pub.</subfield>
   <subfield code="c">2006.</subfield>
  </datafield>
  <datafield tag="300" ind1=" " ind2=" ">
   <subfield code="a">ix, 437 p.</subfield>
   <subfield code="b">ill.</subfield>
  </datafield>
  <datafield tag="505" ind1="0" ind2="0">
   <subfield code="a">Introduction / Anna Alberini and James R. Kahn &#13;
&#13;
Part 1 - Contigent Valuation and Economic Theory --  Fifty Years of Contingent Valuation / V. Kerry Smith -- A Practitioner’s Primer on the Contingent Valuation Method / John C. Whitehead -- The Use of Contingent Valuation in Benefit–Cost Analysis / John C. Whitehead and Glenn C. Blomquist --  Hypothetical Preferences and Environmental Policy / Gregory Cooper -- Protest Bids, Commensurability, and Substitution: Contingent Valuation and Ecological Economics / Brent Haddad and Richard Howarth &#13;
&#13;
Part 2 - Econometric and Empirical Issues in Contingent Valuation -- An Introduction to Choice Modeling for Non-market Valuation / Steven Stewart and James R. Kahn -- Experimental Methods for the Testing and Design of Contingent Valuation / Laura O. Taylor -- Designing a Contingent Valuation Study to Estimate the Benefits of the Conservation Reserve Program on Grassland Bird Populations / Mary Clare Ahearn, Kevin J. Boyle and Daniel R. Hellerstein --  Modelling Behaviour in Dichotomous Choice with Bayesian Methods / Carmelo J. León and Roberto León -- Temporal Reliability in Contingent Valuation (with a Restrictive Research Budget) / Paul M. Jakus, Becky Stephens and J. Mark Fly&#13;
&#13;
Part 3 - Applications -- Non-market Valuation on the Internet&#13;
Hale W. Thurston -- Use of Contingent Values of Wildlife and Habitat Preservation in Policy and Benefit–Cost Analyses / John B. Loomis -- Valuing Wildlife at Risk from Exotic Invaders in Yellowstone Lake / Todd L. Cherry, Jason F. Shogren, Peter Frykblom and John A. List -- The Demand for Insecticide-Treated Mosquito Nets: Evidence from Africa / Christine Poulos, Maureen Cropper, Julian Lampietti, Dale Whittington and Mitiku Haile -- Choice Modeling of Farmer Preferences for Agroforestry Systems in Calakmul, Mexico / James F. Casey -- The Use of Contingent Valuation in Developing Countries: A Quantitative Analysis / Dan Biller, Karoline Rogge and Giovanni Ruta -- Combining Stated-Choice and Stated-Frequency Data with Observed Behavior to Value NRDA Compensable Damages: Green Bay, PCBs, and Fish Consumption Advisories / William S. Breffle, Edward R. Morey, Robert D. Rowe and Donald M. Waldman -- Public Preferences Toward Environmental Risks: The Case of Trihalomethanes / Richard T. Carson and Robert Cameron Mitchell -- Conclusions / Anna Alberini and James R. Kahn -- Index</subfield>
  </datafield>
  <datafield tag="591" ind1=" " ind2=" ">
   <subfield code="a">Acquired through Health Policy Development Program (HPDP) research grant.</subfield>
  </datafield>
  <datafield tag="650" ind1="1" ind2="0">
   <subfield code="a">Contingent valuation.</subfield>
  </datafield>
  <datafield tag="650" ind1=" " ind2="0">
   <subfield code="a">Natural resources</subfield>
   <subfield code="x">Valuation.</subfield>
  </datafield>
  <datafield tag="650" ind1=" " ind2="0">
   <subfield code="a">Environmental policy.</subfield>
  </datafield>
  <datafield tag="650" ind1=" " ind2="0">
   <subfield code="a">Environmental economics.</subfield>
  </datafield>
  <datafield tag="700" ind1="1" ind2=" ">
   <subfield code="a">Alberini, Anna.</subfield>
  </datafield>
  <datafield tag="700" ind1="1" ind2=" ">
   <subfield code="a">Kahn, James R.</subfield>
  </datafield>
  <datafield tag="905" ind1=" " ind2=" ">
   <subfield code="a">FO</subfield>
  </datafield>
  <datafield tag="950" ind1=" " ind2=" ">
   <subfield code="a">Monograph</subfield>
  </datafield>
  <datafield tag="852" ind1="0" ind2=" ">
   <subfield code="a">UPD</subfield>
   <subfield code="b">DECON</subfield>
   <subfield code="h">HB 846.55</subfield>
   <subfield code="i">H36 2006</subfield>
  </datafield>
  <datafield tag="942" ind1=" " ind2=" ">
   <subfield code="a">Book</subfield>
  </datafield>
 </record>
</collection>
